Statistics for Guess the Taylor Swift song (5)

Click here to take the quiz!

General Stats

  • This quiz has been taken 23 times
  • The average score is 231 of 330

Answer Stats

Answer% Correct
a
95%
and
95%
my
95%
the
95%
you
95%
it
90%
on
90%
to
90%
he
86%
your
86%
hear
81%
in
81%
is
81%
love
81%
of
81%
are
76%
but
76%
for
76%
go
76%
no
76%
not
76%
was
76%
youre
76%
can
71%
out
71%
see
71%
then
71%
too
71%
with
71%
best
67%
feel
67%
his
67%
home
67%
light
67%
much
67%
silence
67%
so
67%
up
67%
way
67%
what
67%
at
62%
lights
62%
look
62%
one
62%
One
62%
room
62%
dark
57%
enough
57%
friend
57%
just
57%
keep
57%
knew
57%
say's
57%
says
57%
they
57%
touch
57%
face
52%
fight
52%
ive
52%
keeps
52%
once
52%
talk
52%
true
52%
word
52%
midnight
48%
morning
48%
now
48%
picture
48%
round
48%
said
48%
back
43%
burnt
43%
cause
43%
coffee
43%
felt
43%
kiss
43%
let
43%
meant
43%
night
43%
office
43%
place
43%
saw
43%
shirt
43%
strange
43%
their
43%
toast
43%
why
43%
downtown
38%
drives
38%
fears
38%
fought
38%
ghosts
38%
into
38%
lost
38%
pauses
38%
spent
38%
Sunday
38%
wakes
38%
whole
38%
brush
33%
chain
33%
coat
33%
dancing
33%
fast
33%
globe
33%
life
33%
minds
33%
play
33%
put
33%
reflects
33%
shoulders
33%
sidewalks
33%
snow
33%
time
33%
trying
33%
wars
33%
words
33%
buttons
29%
goes
29%
joke
29%
moved
29%
neck
29%
proof
29%
two
29%
understand
29%
lighthearted
24%
small
24%
step
24%

Score Distribution

Percentile by Number Answered

Percent of People with Each Score

Your Score History

You have not taken this quiz